| 000 | 00479nam a2200181Ia 4500 | ||
|---|---|---|---|
| 008 | 210423s2010 xx 000 0 und d | ||
| 020 | _a978-1-85233-940-1 | ||
| 041 | _aeng | ||
| 082 | _a515.83 HIRC | ||
| 100 | _aHIRST (Keith E) | ||
| 245 | _aCalculus of one variable | ||
| 260 |
_aNew York _bSpringer Verlag _c2010 |
||
| 300 |
_axi,267 _bPB |
||
| 365 |
_b395 _cINR |
||
| 650 | _aFunctions of Real Variables | ||
| 650 | _aMathematics | ||
| 906 | _aCalculus ; one ; variable | ||
| 999 |
_c166842 _d166842 |
||